Supporting Microsoft Windows NT Server 4.0 Enterprise Technologies: Workbook (Record no. 6324)
[ view plain ]
| 000 -LEADER | |
|---|---|
| fixed length control field | 00516 a2200145 4500 |
| 040 ## - CATALOGING SOURCE | |
| Original cataloging agency | DLC |
| 082 ## - DEWEY DECIMAL CLASSIFICATION NUMBER | |
| Classification number | 005.4769 |
| 100 ## - MAIN ENTRY--PERSONAL NAME | |
| Personal name | Microsoft |
| 245 ## - TITLE STATEMENT | |
| Title | Supporting Microsoft Windows NT Server 4.0 Enterprise Technologies: Workbook |
| Statement of responsibility, etc. | Workbook |
| Medium | Microsoft |
| 260 ## - PUBLICATION, DISTRIBUTION, ETC. | |
| Place of publication, distribution, etc. | Islamabad: |
| Name of publisher, distributor, etc. | National Book Foundation, |
| Date of publication, distribution, etc. | 1999. |
| 300 ## - PHYSICAL DESCRIPTION | |
| Extent | xi, 567 p. : |
| Other physical details | ill. ; |
| Dimensions | 27 cm. |
| 500 ## - GENERAL NOTE | |
| General note | Includes Index |
| 650 ## - SUBJECT ADDED ENTRY--TOPICAL TERM | |
| Topical term or geographic name entry element | 1.Microsoft windows NT.2.Operating systems (Copmuters).3.Client/server Computing. |
| 942 ## - ADDED ENTRY ELEMENTS (KOHA) | |
| Koha item type | Book |
| Call number prefix | 005.4769 MIC |
| Source of classification or shelving scheme | |
| Withdrawn status | Lost status | Damaged status | Not for loan | Collection code | Permanent Location | Current Location | Shelving location | Date acquired | Source of acquisition | Total Checkouts | Full call number | Barcode | Date last seen | Price effective from | Koha item type |
|---|---|---|---|---|---|---|---|---|---|---|---|---|---|---|---|
| Central Library (CL) | Central Library (CL) | First Floor - Operating System/ Data Structure | 01/03/2003 | National Book Foundation | 005.4769 MIC | SEECS002949 | 11/14/2012 | 01/05/2017 | Book | ||||||
| Central Library (CL) | Central Library (CL) | First Floor - Operating System/ Data Structure | 01/03/2003 | National Book Foundation | 005.4769 MIC | SEECS002950 | 11/14/2012 | 01/05/2017 | Book | ||||||
| Central Library (CL) | Central Library (CL) | First Floor - Operating System/ Data Structure | 01/03/2003 | National Book Foundation | 005.4769 MIC | SEECS002951 | 11/14/2012 | 01/05/2017 | Book | ||||||
| Central Library (CL) | Central Library (CL) | First Floor - Operating System/ Data Structure | 01/03/2003 | National Book Foundation | 005.4769 MIC | SEECS002952 | 11/14/2012 | 01/05/2017 | Book |
